Οικονομετρική ανάλυση της χυδήν ναυτιλίας : διπλωματική εργασία
Αποθηκεύτηκε σε:
| Κύριος συγγραφέας: | |
|---|---|
| Συγγραφή απο Οργανισμό/Αρχή: | |
| Άλλοι συγγραφείς: | |
| Μορφή: | Thesis Βιβλίο |
| Γλώσσα: | Greek |
| Δημοσίευση: |
2005
|
| Θέματα: | |
| Ετικέτες: |
Προσθήκη ετικέτας
Δεν υπάρχουν, Καταχωρήστε ετικέτα πρώτοι!
|
MARC
| LEADER | 00000cam a2200000 i 4500 | ||
|---|---|---|---|
| 001 | 1/25152 | ||
| 008 | 060224s2005 gre d | ||
| 035 | |l 10082844 | ||
| 040 | |a GR-MY-UA |b gre |e aacr | ||
| 041 | 0 | |a gre | |
| 082 | 0 | |a 387.50681 |2 (22) | |
| 100 | 1 | |a Γεόμελος, Νίκος Δ. | |
| 245 | 1 | 0 | |a Οικονομετρική ανάλυση της χυδήν ναυτιλίας : |b διπλωματική εργασία / |c Νίκος Δ. Γεόμελος ; επιβλέπων Θεόδωρος Συριόπουλος |
| 260 | |c 2005 | ||
| 300 | |a 174 σ.; |b διαγρ., πίν.; |c 30 εκ. | ||
| 502 | |a Διατριβή (μεταπτυχιακή) – Πανεπιστήμιο Αιγαίου, Χίος, 2005. | ||
| 504 | |a Περιλαμβάνει βιβλιογραφία | ||
| 610 | 2 | 0 | |a Πανεπιστήμιο Αιγαίου. |
| 650 | 0 | 0 | |a Shipping |x Finance. |
| 650 | 0 | 0 | |a Econometrics. |
| 650 | 0 | 0 | |a Dissertations, Academic |z Greece. |
| 700 | 1 | |a Συριόπουλος, Θεόδωρος. |4 ths | |
| 710 | 1 | |a Πανεπιστήμιο Αιγαίου |b Σχολή Επιστημών της Διοίκησης |b Τμήμα Ναυτιλίας και Επιχειρηματικών Υπηρεσιών |b Πρόγραμμα Μεταπτυχιακών Σπουδών "Ναυτιλία, Μεταφορές και Διεθνές Εμπόριο - ΝΑ.Μ.Ε.". | |
| 852 | |a INST |b CHIOS |c DIATR |e 20060224 |h 387.50681 ΓΕΟ |p 005200024359 |q 005200024359 |t MTXE |y 23 | ||
| 852 | |a INST |b CHIOS |c DIATR |e 20060224 |h 387.50681 ΓΕΟ |p 005200024360 |q 005200024360 |t MTXE |y 23 | ||
| 901 | |a BIBL2-2006-1 | ||
| 909 | |a Χ |b 119881 | ||
| 909 | |a Χ |b 119882 | ||
| 924 | |a Γεόμελος |b Νίκος |y ΧΙΟΣ |z 2005-10 | ||
| 970 | |a Βασιλάκη |b Νίκη |z 2006/02/23 | ||